000 01457nam a22002297a 4500
999 _c57127
_d57127
003 Ge_BSU
005 20191122121627.0
008 191122s2012 ||||| |||| 00| 0 geo d
020 _a9789941437175
041 _ageo
080 _a821.14'04(082) ბ-42
100 _aბეზარაშვილი, ქეთევან
_95528
245 _aბიზანტიური მწერლობის მცირე ქრესტომათია : (პოეზია, ეპისტოლოგრაფია, ჰომილეტიკა)
_b ტ. 2 /
_cქეთევან ბეზარაშვილი ; რედ. თინა დოლიძე.
264 _aთბილისი :
_bლოგოსი,
_c2012.
300 _a107გვ. ;
_c20 სმ.
500 _aყდაზე: წმ. გრიგოლ ღვთისმეტყველი (ანდრეი რუბლიოვი და დანიილ ჩორნი, 1408 წ.). ქართ. და ბერძნ.
504 _aბიბლიოგრ. ტექსტ. შენიშვნ.
653 _aბიზანტიური ლიტერატურა ქრესტომათიები
700 _aდოლიძე, თინა
_eრედაქტორი
_95529
710 _eთსუ. კლას. ფილოლ., ბიზანტ. და ნეოგრეც. ინ-ტი.
_95530
942 _2udc
_cBK